| 000 | 01298nam0a2200397 4500 | ||
|---|---|---|---|
| 001 | RU\NLR\bibl\174992 | ||
| 005 | 20250618061444.0 | ||
| 010 | _a5-94135-003-1 | ||
| 021 |
_aRU _b2001-16450 _9764 |
||
| 035 | _a(NLR Aleph) 000171730 | ||
| 090 |
_a989830 _c989830 |
||
| 100 | _a20010629d2001 |||y0rusy50 ca | ||
| 101 | 0 | _arus | |
| 102 | _aRU | ||
| 105 | _aa ||||||||| | ||
| 200 | 1 |
_aЦаревна-лягушка _e[Для ст. дошк. и мл. шк. возраста] _fЕ. Н. Аксенова |
|
| 210 |
_aМ. _cСтупени знаний _d2001 |
||
| 215 |
_a[3],30 с. _cил. _d29 |
||
| 225 | 1 | _aСказка, рассказанная математиком | |
| 300 | _aНа обороте тит.л. авт.: Е.Н. Аксенова, к.ф.-м.н. | ||
| 300 | _aНа обл. авт. не указан | ||
| 610 | 0 | _aМатематика занимательная (д. л.) | |
| 675 |
_a087.5:510.6 _v3 _zrus |
||
| 686 |
_a22.12 _2rubbk |
||
| 686 | _aШ9(2)3=Р-2 | ||
| 686 |
_aШ9 _bВ |
||
| 700 | 1 |
_aАксенова _bЕ. Н. _4070 |
|
| 801 | 0 |
_aRU _bRKP _c20010629 _gPSBO |
|
| 801 | 1 |
_aRU _bRKP _c20010629 |
|
| 801 | 2 |
_aRU _bNLR _c20010903 _grcr |
|
| 942 | _cBOOK | ||
| 980 | _aNB | ||